Random Trivia - Statistics

General Stats
  • This quiz has been taken 16 times
  • The average score is 4 of 15
Answer Stats
Hint Answer % Correct
What Central American Indians worshiped the Sun Aztec
81%
1973 David Ben-Gurion founding father of _____ dies in Tel Aviv at 87 Israel
56%
This fingerlike projection is attached to the large intestine Appendix
50%
What ocean claims the island of Spitsbergen Arctic
50%
What is the official number of players on a baseball team 9
44%
What river begins in Syria and passes through Lake Tiberias into the Dead Sea Jordan
25%
1949 George _____ actor (Cheers) born Wendt
19%
Which element has an atomic number of 62 and the symbol Sm Samarium
13%
What is the decimal equivalent of the binary number 1101 13
6%
This fingerlike projection is attached to the large intestine 4
6%
This is a large gulf in Northeastern Australia, an inlet of the Arafura Sea Carpentaria
6%
Point to which rays of light converge Focus
6%
What piques a rosarian's interest Roses
6%
Chain of Islands to the West of Cornwall Isles of Scilly
0%
1987 Fox TV network premiers showing _____ & Tracey Ullman Married With Children
0%
No matching quizzes found
Score Distribution
Percent of People with Each Score
Percentile by Number Answered
Your Score History
You have not taken this quiz